1255 1595 1306 1848 1793 1248 1532 1874 1289 1718 1516 1257 1058 1531 1794 1848 1826 1316 1492 1195 1903 1748 1117 1873 1645 1736 1229 1206 1758 1754 1923 1600 1045 1881 1078 1823 1519 1416 1190 1042 1879 1995 1772 1395 1938 1079 1752 1609 1594 1334 1566 1654 1727 1721 1358 1751 1542 1345 1947 1842 1890 1745 1600 1439 1845 1868 1930 1496 1591 1573 1981 1187 1070 1837 1272 1902 1600 1805 1001 1394 1016 1257 1783 1603 1971 1323 1500 1475 1041 1587 1990 1477 1136 1789 1525 1986 1444 1487 1997 BCNSPRNW ULIB Ver.6.0+V

เปลี่ยนเป็นภาษาไทย

Change to English
 แสดงรายละเอียดบรรณานุกรม
  กลับหน้าหลัก

Brief Record : Get Marc (ISO 2709) : E-mail record : QR code < ปิดหน้าต่าง
LEADER : 00000nam 2200000uu 4500
001    13399123392
003     ULIB
008    140910s2556||||th 000 0 tha d
020    ^a9789744226938
060 04 ^aWC528^bศ466ก
110 1  ^aกระทรวงสาธารณสุข.^bกรมการแพทย์.^bสถาบันสุขภาพเด็กแห่งชาติมหาราชินี
245 00 ^aการวินิจฉัยและรักษาโรคไข้เลือดออกเดงกี. /^cสถาบันสุขภาพเด็กแห่งชาติมหาราชินี
250    ^aพิมพ์ครั้งที่ 2
260    ^aนนทบุรี :^bกระทรวงสาธารณสุข,^c2556
300    ^a202 หน้า ;^c15 ซม.
650  7 ^aไข้เลือดออก^xการรักษา
650  7 ^aไข้เลือดออก^xการวินิจฉัย
650  7 ^aเด็งกี^xการรักษา
650  7 ^aเด็งกี^xการวินิจฉัย
700 0  ^aศิริเพ็ญ กัลยาณรุจ,^eบรรณาธิการ
700 0  ^aมุกดา หวังวีรวงค์,^eบรรณาธิการ
700 0  ^aวารุณี วัชรเสวี,^eบรรณาธิการ
945    ^p0^l0^i034736
945    ^p0^l0^i034737
945    ^p0^l0^i034738
945    ^p0^l0^i034739
945    ^p0^l0^i034740
945    ^p0^l0^i034741
945    ^p0^l0^i034742
945    ^p0^l0^i034743
945    ^p0^l0^i034744
945    ^p0^l0^i034745
945    ^p0^l0^i034746
945    ^p0^l0^i039343
999    ^aเกษร โพธิ์สุวรรณ
รายการนี้ยังไม่มีแท็ก
คุณยังไม่ได้ล็อกอิน คุณสามารถมีกิจกรรมร่วมกับเว็บไซต์ได้ แต่ต้องล็อกอินก่อน ::
  ล็อกอิน

รายการสื่อสารสนเทศ

ลำดับที่ ประเภท เลขเรียก/บาร์โค้ด สถานที่ สถานะ
1. วิทยาศาสตร์การแพทย์ และสุขภาพ
หนังสือสำรอง
สถานะ=หนังสือสำรอง
WC528 ศ466ก ฉ.1 
  Barcode: 034736
ห้องสมุดวิทยาเขตสวรรค์ประชารักษ์
►ส่วนจัดเก็บหนังสือเก่า สปร
บนชั้น
  ขอยืม
2. วิทยาศาสตร์การแพทย์ และสุขภาพ
วิทยาศาสตร์การแพทย์ และสุขภาพ
WC528 ศ466ก ฉ.10 
  Barcode: 034745
ห้องสมุดวิทยาเขตสวรรค์ประชารักษ์
►ส่วนจัดเก็บหนังสือเก่า สปร
บนชั้น
  ขอยืม
3. วิทยาศาสตร์การแพทย์ และสุขภาพ
วิทยาศาสตร์การแพทย์ และสุขภาพ
WC528 ศ466ก ฉ.11 
  Barcode: 034746
ห้องสมุดวิทยาเขตสวรรค์ประชารักษ์
►หนังสือทั่วไป
บนชั้น
4. วิทยาศาสตร์การแพทย์ และสุขภาพ
วิทยาศาสตร์การแพทย์ และสุขภาพ
WC528 ศ466ก ฉ.12 
  Barcode: 039343
ห้องสมุดวิทยาเขตสวรรค์ประชารักษ์
►ส่วนจัดเก็บหนังสือเก่า สปร
บนชั้น
  ขอยืม
5. วิทยาศาสตร์การแพทย์ และสุขภาพ
วิทยาศาสตร์การแพทย์ และสุขภาพ
WC528 ศ466ก ฉ.2 
  Barcode: 034737
ห้องสมุดวิทยาเขตสวรรค์ประชารักษ์
►ส่วนจัดเก็บหนังสือเก่า สปร
บนชั้น
  ขอยืม
6. วิทยาศาสตร์การแพทย์ และสุขภาพ
วิทยาศาสตร์การแพทย์ และสุขภาพ
WC528 ศ466ก ฉ.3 
  Barcode: 034738
ห้องสมุดวิทยาเขตสวรรค์ประชารักษ์
►ส่วนจัดเก็บหนังสือเก่า สปร
บนชั้น
  ขอยืม
7. วิทยาศาสตร์การแพทย์ และสุขภาพ
วิทยาศาสตร์การแพทย์ และสุขภาพ
WC528 ศ466ก ฉ.4 
  Barcode: 034739
ห้องสมุดวิทยาเขตสวรรค์ประชารักษ์
►ส่วนจัดเก็บหนังสือเก่า สปร
บนชั้น
  ขอยืม
8. วิทยาศาสตร์การแพทย์ และสุขภาพ
วิทยาศาสตร์การแพทย์ และสุขภาพ
WC528 ศ466ก ฉ.5 
  Barcode: 034740
ห้องสมุดวิทยาเขตสวรรค์ประชารักษ์
►ส่วนจัดเก็บหนังสือเก่า สปร
บนชั้น
  ขอยืม
9. วิทยาศาสตร์การแพทย์ และสุขภาพ
วิทยาศาสตร์การแพทย์ และสุขภาพ
WC528 ศ466ก ฉ.6 
  Barcode: 034741
ห้องสมุดวิทยาเขตสวรรค์ประชารักษ์
►ส่วนจัดเก็บหนังสือเก่า สปร
บนชั้น
  ขอยืม
10. วิทยาศาสตร์การแพทย์ และสุขภาพ
วิทยาศาสตร์การแพทย์ และสุขภาพ
WC528 ศ466ก ฉ.7 
  Barcode: 034742
ห้องสมุดวิทยาเขตสวรรค์ประชารักษ์
►ส่วนจัดเก็บหนังสือเก่า สปร
บนชั้น
  ขอยืม
11. วิทยาศาสตร์การแพทย์ และสุขภาพ
วิทยาศาสตร์การแพทย์ และสุขภาพ
WC528 ศ466ก ฉ.8 
  Barcode: 034743
ห้องสมุดวิทยาเขตสวรรค์ประชารักษ์
►ส่วนจัดเก็บหนังสือเก่า สปร
บนชั้น
  ขอยืม
12. วิทยาศาสตร์การแพทย์ และสุขภาพ
วิทยาศาสตร์การแพทย์ และสุขภาพ
WC528 ศ466ก ฉ.9 
  Barcode: 034744
ห้องสมุดวิทยาเขตสวรรค์ประชารักษ์
►ส่วนจัดเก็บหนังสือเก่า สปร
บนชั้น
  ขอยืม

BibComment


ยังไม่เคยถูกคอมเมนท์

คอมเมนท์ทรัพยากรรายการนี้
  คอมเมนท์: การวินิจฉัยและรั..


 Copyright 2026. Bcnsprnw @Library